| 000 | 00715cam a22002413a 4500 | ||
|---|---|---|---|
| 001 | 27770 | ||
| 003 | PGUSA | ||
| 005 | 20140828083612.0 | ||
| 008 | 090111s2009||||xxu|||||s|||||000 p eng d | ||
| 040 |
_aPGUSA _beng |
||
| 042 | _adc | ||
| 050 | 4 | _aPR | |
| 100 | 1 |
_aDrayton, Michael, _d1563-1631 |
|
| 245 | 1 | 4 |
_aThe Battaile of Agincourt _h[electronic resource] / _cMichael Drayton |
| 260 |
_bProject Gutenberg, _c2009 |
||
| 506 | _aPublic domain in the USA. | ||
| 516 | _aElectronic text | ||
| 653 | _aAgincourt, Battle of, Agincourt, France, 1415 -- Poetry | ||
| 700 | 1 |
_aGarnett, Richard, _d1835-1906 |
|
| 830 | 0 |
_aProject Gutenberg _v27770 |
|
| 856 | 4 | 0 | _uhttp://www.gutenberg.org/ebooks/27770 |
| 942 | _cEB | ||
| 999 |
_c257025 _d257025 |
||